000 01268cam a2200385Ia 4500
001 9174661
003 ARRUPE
005 20150417114454.0
006 m u
007 cr cn|||||||||
008 051219s2006 enk sb 001 0 eng d
010 _z 2005037057
020 _z9780826485946
020 _z0826485936
020 _z0826485944
035 _a(CaPaEBR)ebr10495211
035 _a(NNC)9174661
040 _aCaPaEBR
_cCaPaEBR
050 1 4 _aB3279.H94
_bR87 2006eb
082 0 4 _a193
_222
100 1 _aRussell, Matheson.
_917017
245 1 0 _aHusserl:
_ba guide for the perplexed /
_cMatheson Russell.
260 _aLondon ;
_aNew York, NY :
_bContinuum,
_c2006.
300 _ax, 205 p.
490 1 _aContinuum's guides for the perplexed
504 _aIncludes bibliographical references and index.
533 _aElectronic reproduction.
_bPalo Alto, Calif. :
_cebrary,
_d2011.
_nAvailable via World Wide Web.
_nAccess may be limited to ebrary affiliated libraries.
600 1 0 _aHusserl, Edmund,
_d1859-1938.
_9717
650 0 _aPhilosophy, German.
_95588
655 7 _aElectronic books.
_2local
_917018
710 2 _aebrary, Inc.
_917019
830 0 _aGuides for the perplexed.
_911161
942 _2lcc
_cMONOGRAPH
999 _c122608
_d122608